[Event "SWE-chT2 0809"]
[Site "Sweden"]
[Date "2009.03.15"]
[Round "9"]
[White "Broddefalk, Arvid"]
[Black "Nordstrom, Felix"]
[Result "1/2-1/2"]
[WhiteElo "1997"]
[BlackElo "2209"]
[PlyCount "56"]
[EventDate "2008.10.25"]
[EventType "team-tourn"]
[EventRounds "9"]
[EventCountry "SWE"]
[SourceTitle "EXT 2011"]
[Source "ChessBase"]
[SourceDate "2010.11.26"]
[SourceVersion "1"]
[SourceVersionDate "2010.11.26"]
[SourceQuality "1"]

1. c4 c6 2. g3 d5 3. Bg2 Nf6 4. Nf3 Bf5 5. cxd5 cxd5 6. Qb3 Qb6 7. Nc3 e6 8. 0-0 Nc6 9. d3 Qxb3 10. axb3 Be7 11. Bf4 0-0 12. Rfc1 Rfd8 13. Nb5 Ne8 14. Nbd4 Nxd4 15. Nxd4 Bg6 16. Rc2 Bf6 17. Nf3 a6 18. Rac1 Kf8 19. Ne5 Be7 20. h4 Bd6 21. Nxg6+ hxg6 22. Be3 Rd7 23. Bb6 Ke7 24. Rc8 Rxc8 25. Rxc8 Bc7 26. Bc5+ Bd6 27. Bb6 Bc7 28. Bc5+ Bd6 1/2-1/2

[Event "SWE-chT2 0809"]
[Site "Sweden"]
[Date "2009.02.07"]
[Round "5"]
[White "Eriksson, Daniel"]
[Black "Broddefalk, Arvid"]
[Result "1/2-1/2"]
[WhiteElo "2131"]
[BlackElo "1997"]
[PlyCount "92"]
[EventDate "2008.10.25"]
[EventType "team-tourn"]
[EventRounds "9"]
[EventCountry "SWE"]
[SourceTitle "EXT 2011"]
[Source "ChessBase"]
[SourceDate "2010.11.26"]
[SourceVersion "1"]
[SourceVersionDate "2010.11.26"]
[SourceQuality "1"]

1. e4 Nf6 2. e5 Nd5 3. d4 d6 4. Nf3 dxe5 5. Nxe5 c6 6. Bd3 Nd7 7. a3 g6 8. 0-0 Bg7 9. Re1 Nxe5 10. dxe5 0-0 11. Bd2 Be6 12. Nc3 Nxc3 13. Bxc3 Qd7 14. Qe2 Rad8 15. Qe3 b6 16. a4 Bf5 17. Red1 Bxd3 18. Rxd3 Qe6 19. a5 Rxd3 20. Qxd3 f6 21. a6 Qd5 22. Qxd5+ cxd5 23. e6 f5 24. Bb4 Bxb2 25. Rd1 d4 26. Kf1 Rc8 27. Bxe7 Re8 28. Bd6 Rxe6 29. Bb8 b5 30. Rb1 Bc3 31. Bxa7 Rxa6 32. Bc5 Ra2 33. Rxb5 Rxc2 34. Rb7 d3 35. Be3 Ra2 36. Rb1 Kf7 37. Rd1 Ra1 38. Rxa1 Bxa1 39. Ke1 Bc3+ 40. Bd2 Bd4 41. Be3 Bc3+ 42. Bd2 Be5 43. f4 Bd4 44. Bc1 Bc3+ 45. Bd2 Bd4 46. Bc1 Bc3+ 1/2-1/2

[Event "SWE-chT2 0809"]
[Site "Sweden"]
[Date "2008.10.25"]
[Round "1"]
[White "Broddefalk, Arvid"]
[Black "Dahlqvist, Ulf"]
[Result "1/2-1/2"]
[WhiteElo "1997"]
[BlackElo "1929"]
[PlyCount "113"]
[EventDate "2008.10.25"]
[EventType "team-tourn"]
[EventRounds "9"]
[EventCountry "SWE"]
[SourceTitle "EXT 2011"]
[Source "ChessBase"]
[SourceDate "2010.11.26"]
[SourceVersion "1"]
[SourceVersionDate "2010.11.26"]
[SourceQuality "1"]

1. c4 e5 2. g3 Nf6 3. Bg2 Bc5 4. Nc3 0-0 5. e3 Re8 6. Nge2 d6 7. d3 Nc6 8. 0-0 Bg4 9. h3 Bh5 10. a3 a5 11. b3 Qd7 12. Bb2 h6 13. Qd2 Rab8 14. Nd5 Nh7 15. g4 Bg6 16. b4 Ba7 17. b5 Ne7 18. d4 Nxd5 19. Bxd5 h5 20. gxh5 Bxh5 21. Ng3 Qxh3 22. Bg2 Qg4 23. Nxh5 Qxh5 24. dxe5 dxe5 25. Rfd1 Nf6 26. Rac1 Bc5 27. Kf1 b6 28. Qe2 Qf5 29. Kg1 Red8 30. Qf3 Qxf3 31. Bxf3 Rxd1+ 32. Rxd1 Bd6 33. a4 Kf8 34. Bc6 Ke7 35. Kg2 Rh8 36. f3 Rh4 37. Rc1 Nd7 38. Bxd7 Kxd7 39. e4 Ke6 40. Rd1 f5 41. Re1 fxe4 42. Kg3 Rf4 43. Rxe4 Kf5 44. Rxf4+ exf4+ 45. Kh3 Be5 46. Ba3 Bc3 47. c5 Bb4 48. cxb6 cxb6 49. Bb2 Bc5 50. Bxg7 Be3 51. Bh6 Kg6 52. Bf8 Kf5 53. Bh6 Ke5 54. Kg4 Bd2 55. Bg5 Be3 56. Bh6 Bd2 57. Bg5 1/2-1/2

[Event "SWE-chT2 0708"]
[Site "Sweden"]
[Date "2008.02.23"]
[Round "6"]
[White "Tibell, Ingemar"]
[Black "Broddefalk, Arvid"]
[Result "0-1"]
[WhiteElo "2033"]
[BlackElo "1985"]
[PlyCount "79"]
[EventDate "2007.10.20"]
[EventType "team"]
[EventRounds "9"]
[EventCountry "SWE"]
[SourceTitle "EXT 2009"]
[Source "ChessBase"]
[SourceDate "2008.11.26"]
[SourceVersion "1"]
[SourceVersionDate "2008.11.26"]
[SourceQuality "1"]
[WhiteTeam "Orgryte"]
[BlackTeam "Vastervik"]
[WhiteTeamCountry "SWE"]
[BlackTeamCountry "SWE"]

1. e4 Nf6 2. e5 Nd5 3. d4 d6 4. c4 Nb6 5. exd6 exd6 6. Nc3 Nc6 7. Nf3 Bg4 8. Be2 Be7 9. 0-0 0-0 10. b3 d5 11. c5 Nc8 12. h3 Bf5 13. Bf4 a6 14. Rc1 Bf6 15. Qd2 Re8 16. Rfd1 Bg6 17. Be5 Be7 18. Bg3 Bf6 19. Qf4 Re7 20. h4 h6 21. Qg4 N8a7 22. a4 Qd7 23. Ne5 Bxe5 24. dxe5 d4 25. Qxd7 Rxd7 26. Bc4 Re8 27. Ne2 Nxe5 28. Bxe5 Rxe5 29. Rxd4 Rxd4 30. Nxd4 Kf8 31. Bf1 Be4 32. f3 Bd5 33. Kf2 Nc6 34. Nxc6 Bxc6 35. Bc4 Rxc5 36. Ke3 Re5+ 37. Kd4 f6 38. Bxa6 Rh5 39. g3 Bxf3 40. Bd3 0-1

[Event "SWE-chT2 0708"]
[Site "Sweden"]
[Date "2007.11.17"]
[Round "3"]
[White "Andersson, Johan"]
[Black "Broddefalk, Arvid"]
[Result "1-0"]
[WhiteElo "2107"]
[BlackElo "1996"]
[PlyCount "80"]
[EventDate "2007.10.20"]
[EventType "team"]
[EventRounds "9"]
[EventCountry "SWE"]
[SourceTitle "EXT 2009"]
[Source "ChessBase"]
[SourceDate "2008.11.26"]
[SourceVersion "1"]
[SourceVersionDate "2008.11.26"]
[SourceQuality "1"]
[WhiteTeam "Eksjo"]
[BlackTeam "Vastervik"]
[WhiteTeamCountry "SWE"]
[BlackTeamCountry "SWE"]

1. e4 c6 2. c4 d5 3. cxd5 cxd5 4. exd5 Nf6 5. Qa4+ Nbd7 6. Nc3 g6 7. g4 h6 8. Bg2 Bg7 9. h3 0-0 10. Nge2 a6 11. d4 Nb6 12. Qb3 e6 13. dxe6 Bxe6 14. Qd1 Nbd5 15. 0-0 Qd7 16. Be3 h5 17. g5 Nxc3 18. Nxc3 Nd5 19. Qf3 Nxc3 20. bxc3 Rac8 21. Bd2 b5 22. Rfe1 Rc4 23. Re3 Rd8 24. Qe2 Kh7 25. Be4 Kg8 26. Bg2 Qc8 27. d5 Bf5 28. Re1 Kh7 29. Re8 Rxe8 30. Qxe8 Qxe8 31. Rxe8 Bxc3 32. Be3 Bd4 33. d6 Bxe3 34. fxe3 Rc1+ 35. Kf2 Rd1 36. Re7 Kg7 37. e4 Be6 38. e5 Rd2+ 39. Kg3 a5 40. Ra7 a4 1-0